Introduction to knowledge engineering / (Record no. 189452)

MARC details
000 -LEADER
fixed length control field 00710nam a2200229Ia 4500
005 - DATE AND TIME OF LATEST TRANSACTION
control field 20251204163136.0
008 - FIXED-LENGTH DATA ELEMENTS--GENERAL INFORMATION
fixed length control field 210716s2007 xx 000 0 und d
020 ## - INTERNATIONAL STANDARD BOOK NUMBER
International Standard Book Number 1846284759
040 ## - CATALOGING SOURCE
Transcribing agency AIMIT LIBRARY
041 ## - LANGUAGE CODE
Language code of text/sound track or separate title eng
082 ## - DEWEY DECIMAL CLASSIFICATION NUMBER
Classification number 006.332
Edition number 1
Item number KENS
100 ## - MAIN ENTRY--PERSONAL NAME
Personal name Kendal S L.
9 (RLIN) 247709
245 ## - TITLE STATEMENT
Title Introduction to knowledge engineering /
Statement of responsibility, etc. By S L Kendal and M Creen.
250 ## - EDITION STATEMENT
Edition statement 1st ed.
260 ## - PUBLICATION, DISTRIBUTION, ETC.
Place of publication, distribution, etc. London :
Name of publisher, distributor, etc. Springer ,
Date of publication, distribution, etc. 2007.
300 ## - PHYSICAL DESCRIPTION
Extent x,287p.;
Other physical details PB
Dimensions 23.4 cm
650 ## - SUBJECT ADDED ENTRY--TOPICAL TERM
Topical term or geographic name entry element Knowledge Engineering
9 (RLIN) 247710
651 ## - SUBJECT ADDED ENTRY--GEOGRAPHIC NAME
Geographic name An introduction to knowledge engineering
9 (RLIN) 247711
651 ## - SUBJECT ADDED ENTRY--GEOGRAPHIC NAME
Geographic name Knowledge acquisition
9 (RLIN) 247712
700 ## - ADDED ENTRY--PERSONAL NAME
Personal name Creen M.
9 (RLIN) 247713
942 ## - ADDED ENTRY ELEMENTS (KOHA)
Source of classification or shelving scheme Dewey Decimal Classification
Koha item type Book
Edition 1st
Call number prefix 006.332 KENS
Holdings
Withdrawn status Lost status Source of classification or shelving scheme Damaged status Not for loan Collection code Home library Current library Date acquired Source of acquisition Cost, normal purchase price Inventory number Total Checkouts Full call number Barcode Date last seen Cost, replacement price Price effective from Koha item type
    Dewey Decimal Classification     MCA St Aloysius Institute of Management & Information Technology St Aloysius Institute of Management & Information Technology 07/16/2021 Athulya Books 575.00 Bill no:ABK921   006.332 KENS MCA08960 05/23/2026 575.00 07/16/2021 Book
    Dewey Decimal Classification     MCA St Aloysius Institute of Management & Information Technology St Aloysius Institute of Management & Information Technology   Athulya Books 575.00 Bill no:ABK921; Bill dt:2009-03-   006.332 KENS MCA08965 05/23/2026 448.50 07/16/2021 Book